| 000 | 00493pam a2200157a 44500 | ||
|---|---|---|---|
| 008 | 230515b2002 xxu||||| |||| 00| 0 eng d | ||
| 020 | _a81-7169-693-7 | ||
| 041 | _aENGL | ||
| 082 | _a306.6 REA AND GAN. | ||
| 100 | _a"REDDY P. S.,GANGADHAR V.," | ||
| 245 | _aINDIAN SOCIETY: CONTINUITY CHANGE & DEVELOPMENT; | ||
| 250 | _a0 | ||
| 260 |
_aNEW DELHI _bCOMMONWEALTH PUBLISHERS _c2002 |
||
| 300 | _aXIX+287 | ||
| 650 | _a"SOCIAL CULTURE,INDIAN SOCIETY,SOCIETY & DEVELOPMENT,SOCIETY AND CHANGE" | ||
| 999 |
_c533468 _d533468 |
||